| 000 | 00584nam a2200193Ia 4500 | ||
|---|---|---|---|
| 003 | IN-BaIIA | ||
| 008 | 211028s9999 xx 000 0 eng d | ||
| 040 | _cIIA Library | ||
| 080 |
_a52-77 _bKUN-1 |
||
| 100 |
_aKundu, Mukul R _95956 |
||
| 245 | 0 |
_aSolar radio astronomy _bvol. 1 _cMukul R. Kundu |
|
| 260 |
_aMichigan _bUniversity of Michigan Press _c1964 |
||
| 300 | _a370p. | ||
| 500 | _aDonated by Ch. V. Sastry | ||
| 650 | _aAstronomy and Astrophysics Thesaurus | ||
| 650 |
_aRadio Astronomy _92849 |
||
| 650 | _aSolar Physics | ||
| 942 | _cBK | ||
| 999 |
_c4049 _d4049 |
||